The Best Airlines in Asia 2025 - Statistics

General Stats
  • This quiz has been taken 117 times
  • The average score is 6 of 10
Answer Stats
Rank Airline % Correct
1 Singapore Airlines
87%
5 Japan Airlines
81%
4 Korean Air
73%
3 ANA All Nippon Airways
72%
9 Malaysia Airlines
64%
2 Cathay Pacific Airways
61%
10 AirAsia
58%
7 EVA Air
50%
6 Hainan Airlines
33%
8 STARLUX Airlines
22%
No matching quizzes found
Score Distribution
Percent of People with Each Score
Percentile by Number Answered
Your Score History
You have not taken this quiz